A reflection photonic jet induced by light interaction with a partially gilded hollow micro-fiber in liquid; Optik; Vol. 277
| Parent link: | Optik Vol. 277.— 2023.— [170707, 14 p.] |
|---|---|
| Príomhchruthaitheoir: | |
| Údar corparáideach: | |
| Rannpháirtithe: | , |
| Achoimre: | Title screen Reflection photonic jet (r-PJ) is a new type of photonic jet (PJ), formed in reflection mode, which has the potential to revolutionize mesoscale photonics in many applications, e.g. optical nanoparticle trapping, liquids and gas refractive index sensing, signal switching, etc. In this paper, we present a microfluidic channel based on a hollow micro-fiber structure with partially coated optically thick gold film to produce r-PJs for biofluid application. The proposed scheme is studied by the full-wave simulations using the finite element method. The key r-PJ parameters, such as the maximum field intensity, focus position and full width at half-maximum (FWHM) are studied for different size of the microchannel and coated area. The proposed design allows a wide range of flexible control of the r-PJ parameters and can be easily integrated into microchannel systems. Режим доступа: по договору с организацией-держателем ресурса |
| Teanga: | Béarla |
| Foilsithe / Cruthaithe: |
2023
|
| Ábhair: | |
| Rochtain ar líne: | https://doi.org/10.1016/j.ijleo.2023.170707 |
| Formáid: | MixedMaterials Leictreonach Caibidil leabhair |
| KOHA link: | https://koha.lib.tpu.ru/cgi-bin/koha/opac-detail.pl?biblionumber=669465 |
MARC
| LEADER | 00000naa0a2200000 4500 | ||
|---|---|---|---|
| 001 | 669465 | ||
| 005 | 20250211103236.0 | ||
| 035 | |a (RuTPU)RU\TPU\network\40705 | ||
| 035 | |a RU\TPU\network\31486 | ||
| 090 | |a 669465 | ||
| 100 | |a 20230517d2023 k||y0rusy50 ba | ||
| 101 | 0 | |a eng | |
| 102 | |a NL | ||
| 135 | |a drcn ---uucaa | ||
| 181 | 0 | |a i | |
| 182 | 0 | |a b | |
| 200 | 1 | |a A reflection photonic jet induced by light interaction with a partially gilded hollow micro-fiber in liquid |f Song Zhou, O. V. Minin, I. V. Minin | |
| 203 | |a Text |c electronic | ||
| 300 | |a Title screen | ||
| 320 | |a [References: 50 tit.] | ||
| 330 | |a Reflection photonic jet (r-PJ) is a new type of photonic jet (PJ), formed in reflection mode, which has the potential to revolutionize mesoscale photonics in many applications, e.g. optical nanoparticle trapping, liquids and gas refractive index sensing, signal switching, etc. In this paper, we present a microfluidic channel based on a hollow micro-fiber structure with partially coated optically thick gold film to produce r-PJs for biofluid application. The proposed scheme is studied by the full-wave simulations using the finite element method. The key r-PJ parameters, such as the maximum field intensity, focus position and full width at half-maximum (FWHM) are studied for different size of the microchannel and coated area. The proposed design allows a wide range of flexible control of the r-PJ parameters and can be easily integrated into microchannel systems. | ||
| 333 | |a Режим доступа: по договору с организацией-держателем ресурса | ||
| 461 | |t Optik | ||
| 463 | |t Vol. 277 |v [170707, 14 p.] |d 2023 | ||
| 610 | 1 | |a электронный ресурс | |
| 610 | 1 | |a труды учёных ТПУ | |
| 700 | 0 | |a Song Zhou | |
| 701 | 1 | |a Minin |b O. V. |c physicist |c professor of Tomsk Polytechnic University, Doctor of technical sciences |f 1960- |g Oleg Vladilenovich |3 (RuTPU)RU\TPU\pers\44941 | |
| 701 | 1 | |a Minin |b I. V. |c physicist |c Professor of Tomsk Polytechnic University, Doctor of technical sciences |f 1960- |g Igor Vladilenovich |3 (RuTPU)RU\TPU\pers\37571 | |
| 712 | 0 | 2 | |a Национальный исследовательский Томский политехнический университет |b Инженерная школа неразрушающего контроля и безопасности |b Отделение электронной инженерии |3 (RuTPU)RU\TPU\col\23507 |
| 801 | 2 | |a RU |b 63413507 |c 20230517 |g RCR | |
| 856 | 4 | |u https://doi.org/10.1016/j.ijleo.2023.170707 | |
| 942 | |c CF | ||